Έρευνα για την ποιότητα ζωής στο δήμο Γέρας : πτυχιακή εργασία
Saved in:
| Main Author: | |
|---|---|
| Corporate Author: | |
| Other Authors: | |
| Format: | Thesis Book |
| Language: | Greek |
| Published: |
Μυτιλήνη :
Πανεπιστήμιο Αιγαίου, Τμήμα Κοινωνιολογίας,
2004
|
| Subjects: | |
| Online Access: | http://hdl.handle.net/11610/7888 |
| Tags: |
Add Tag
No Tags, Be the first to tag this record!
|
MARC
| LEADER | 00000cam a2200000 i 4500 | ||
|---|---|---|---|
| 001 | 1/84356 | ||
| 008 | 050830s2004 gre d | ||
| 035 | |l 10080001 | ||
| 040 | |a GR-MY-UA |b gre |e aacr | ||
| 041 | 0 | |a gre | |
| 082 | 0 | |a 306.0949582 |2 (22) | |
| 100 | 1 | |a Σκαρλάτου, Ελένη. | |
| 245 | 1 | 0 | |a Έρευνα για την ποιότητα ζωής στο δήμο Γέρας : |b πτυχιακή εργασία / |c Σκαρλάτου Ελένη ; υπεύθυνος καθηγητής Τσομπάνογλου Γεώργιος |
| 260 | |a Μυτιλήνη : |b Πανεπιστήμιο Αιγαίου, Τμήμα Κοινωνιολογίας, |c 2004 | ||
| 300 | |a 166 σ.; |b πιν., διαγρ.; |c 30 εκ. | ||
| 502 | |a Πτυχιακή εργασία – Πανεπιστήμιο Αιγαίου, Λέσβος, 2004. | ||
| 504 | |a Βιβλιογραφία | ||
| 650 | 0 | 0 | |a Quality of life. |
| 650 | 0 | 0 | |a Dissertations, Academic |z Greece. |
| 650 | 0 | 0 | |a Quality of life |z Greece |z Yera. |
| 651 | 0 | |a Yera (Greece) |x Social conditions. | |
| 700 | 1 | |4 ths |a Τσομπάνογλου, Γεώργιος Οδ. | |
| 710 | 2 | |a Πανεπιστήμιο Αιγαίου |b Σχολή Κοινωνικών Επιστημών |b Τμήμα Κοινωνιολογίας. | |
| 852 | |a INST |b LESVOS |c DIATR |e 20050830 |h 65 |p 005100031184 |q 005100031184 |t DIE |y 23 | ||
| 852 | |a INST |b LESVOS |c DIATR |e 20050830 |h 66 |p 005100031183 |q 005100031183 |t DIE |y 23 | ||
| 856 | |u http://hdl.handle.net/11610/7888 | ||
| 901 | |a BIBL1-2005-2 | ||
| 909 | |a Λ |b 108065 | ||
| 909 | |a Λ |b 108066 | ||
| 924 | |a ΣΚΑΡΛΑΤΟΥ |b ΑΛΕΝΗ |y ΛΕΣΒΟΣ |z 2004-03 | ||
| 970 | |a ΜΑΡΙΝΑΤΟΥ |b ΜΥΡΣΙΝΗ |z 2005/08/30 | ||